| 000 | 00529nam a2200205Ia 4500 | ||
|---|---|---|---|
| 003 | GCL | ||
| 008 | 140319s9999 xx 000 0 eng d | ||
| 040 |
_aGCL / _cGCL |
||
| 082 | 0 | 4 |
_a724.19 _bB I |
| 100 | 1 | _aBOTTINEAU, YVES | |
| 245 | 1 | 0 |
_aIBERIAN-AMERICAN BAROQUE / _cBOTTINEAU, YVES |
| 700 | 1 | _aSTIERLIN, HENRI | |
| 260 |
_a[S.N] : _bBENEDIKT TASCHEN |
||
| 300 | _a188 P | ||
| 490 |
_aARCHITECTURE OF THE WORLD _v0 |
||
| 650 | 0 | 4 | _aARCHITECTURE |
| 650 | 0 | 4 | _aBUILDING |
| 650 | 0 | 4 | _aBUILDING DECORATION |
| 942 |
_2ddc _cBK |
||
| 999 |
_c22211 _d22211 |
||